| 000 | 01191cam a2200277 a 4500 | ||
|---|---|---|---|
| 001 | 000012090 | ||
| 005 | 20200929162706.0 | ||
| 008 | 030114s2001 mx b 001 0 spa | ||
| 020 | _a9685073244 | ||
| 035 | _a(NcChMN)MN212AG100 | ||
| 040 |
_aDO-SdBNP _cDLC |
||
| 042 | _apcc | ||
| 043 | _an-mx--- | ||
| 082 |
_a378.199 _bV982e |
||
| 100 | 1 |
_aDe Vries, Wietse. _928558 |
|
| 245 | 1 | 3 |
_aEl exorcismo de diablos y ángeles : _blos efectos de políticas públicas sobre el trabajo académico / _ctesis que presenta Wietse de Vries para obtener el grado de doctor en educación. |
| 260 |
_aAguascalientes, Ags. : _bUniversidad Autónoma de Aguascalientes ; _aPuebla, Puebla : _bBenemerita Universidad Autónoma de Puebla, _c2001. |
||
| 300 |
_a298 p. ; _c21 cm. |
||
| 500 | _aA la cabeza del título: Universidad Autónoma de Aguascalientes, Centro de Ciencias Sociales y Humanidades. | ||
| 500 | _aEducación "Doctorado Interinstitucional en." | ||
| 504 | _aIncluye referencias bibliográficas (p. 273-289). | ||
| 650 | 4 |
_aEducación superior _zMéxico _vCASO DE ESTUDIOS. _928559 |
|
| 650 | 4 |
_aUniversidades _zMéxico _928560 |
|
| 910 | _aCatalogación por copia / LC | ||
| 049 | _aBNGR | ||
| 999 |
_c11756 _d11756 |
||